Statistics for Top 5 NFL Players ever to play for the Commanders

Click here to take the quiz!

General Stats

  • This quiz has been taken 11 times
  • The average score is 3 of 5

Answer Stats

CareerPos.Player% Correct
2018-2019RBAdrian Peterson
82%
1937-1952QBSammy Baugh
73%
2000CBDeion Sanders
55%
2000-2003DEBruce Smith
45%
1974DEDeacon Jones
9%

Score Distribution

Percentile by Number Answered

Percent of People with Each Score

Your Score History

You have not taken this quiz